[Event "Negombo op 2nd"]
[Site "Negombo"]
[Date "2016.08.13"]
[Round "2"]
[White "Lahiru, NPG Sithija"]
[Black "Thilakaratne, DN Adithya Wijetu"]
[Result "1-0"]
[WhiteElo "1684"]
[BlackElo "1090"]
[PlyCount "45"]
[EventDate "2016.08.13"]
[EventType "swiss"]
[EventRounds "9"]
[EventCountry "SRI"]
[SourceTitle "EXT 2019"]
[Source "ChessBase"]
[SourceDate "2018.10.10"]
[SourceVersion "1"]
[SourceVersionDate "2018.10.10"]
[SourceQuality "1"]

1. d4 d5 2. Nf3 c5 3. e3 e6 4. b3 Nc6 5. Bd3 Bd6 6. Bb2 Nf6 7. Nbd2 0-0 8. 0-0 b6 9. a3 Bb7 10. Ne5 Qc7 11. f4 Nd7 12. Qh5 g6 13. Qh6 Nf6 14. Rf3 Rfe8 15. Rh3 Bf8 16. Qh4 Qd8 17. g4 h5 18. g5 Nd7 19. Nxf7 Kxf7 20. Bxg6+ Kxg6 21. Qxh5+ Kf5 22. Qh7+ Kg4 23. Rg3# 1-0